000 00288nmm a2200097Ia 4500
008 220120s9999||||xx |||||||||||||||||und||
020 _a81-203-2170-7
100 _aDigit , January
_911052
245 0 _a20+ free full games; 200+ minutes of free music, videos, mac
260 _bNew delhi
_c2010
999 _c139456
_d139456